Culture Générale - Série 2047 - Statistiques

Statistiques générales
  • Ce quiz a été pris 106 fois
  • Le résultat moyen est 4 sur 10
Statistiques - réponses
Question Réponse % Correct
Comment appelle-t-on ce symbole " @ " ? arobase
98%
La principale station balnéaire de la République dominicaine s'appelle " Punta .... Cana
72%
Quel terme désigne une augmentation de volume de la glande thyroïde, qui déforme la partie antérieure du cou ? goitre
51%
Dans le roman "Les misérables" de Victor Hugo, qui est le frère de Eponine et Azelma ? Gavroche
47%
Comment appelle-t-on l'hormone du stress ? adrénaline
43%
Gouffre naturel creusé par les eaux d'infiltration dans un terrain calcaire. - 4 lettres commençant par " a " aven
31%
Ce mot désigne une femme de harem. Une toile célèbre de Ingres porte ce nom : "La grande .... voir photo odalisque
26%
Quel nom porte également le kimono du judo ? judogi
8%
L'écrivain Roger Nimier (1925-1962) est considéré comme le chef de file du mouvement littéraire dit des « ? » hussards
3%
Dans les années 1990, quel était l'instrument de musique privilégié de Luis Rigou, connu sous le nom de Diego Modena ? ocarina
2%
Aucun quiz correspondant
Distribution des résultats
% des personnes avec chaque résultat
Percentile par nombre de réponses
Votre historique - résultats
Vous n’avez pas pris ce quiz